Statistiche per Top 15 dei paesi con decessi Covid-19 - 30 maggio

Clicka qui per fare il quiz!

Statistiche generali

  • Questo quiz è stato fatto 3 volte
  • Il punteggio medio è 18 su 21

Statistiche sulle risposte

nazione% Corretto
Brasile
100%
Canada
100%
Cina
100%
Francia
100%
Germania
100%
India
100%
Irlanda
100%
Italia
100%
Messico
100%
Regno Unito
100%
Russia
100%
Spagna
100%
Stati Uniti
100%
Svezia
100%
Svizzera
100%
Belgio
67%
Paesi Bassi
67%
Portogallo
67%
Ecuador
33%
Iran
33%
Perù
33%

Distribuzione punteggi

Percentile per numero di risposta

Percentuale di utenti per punteggio

I tuoi punteggi nel tempo

Non hai fatto questo quiz